000 00652nam a22002297a 4500
003 UA-OsUOA
001 100065
007 ta
008 20130521b un ||||| |||| 00| 0 ukr d
100 _aУспенский В.
090 _a821.161.1
_bУ77
942 _cBK
040 _aUA-OsUOA
_brus
_cUA-OsUOA
_dUA-OsUOA
245 _aВсесоюзный староста
_bповесть о Михаиле Калинине
300 _a412 с.
955 _a3
041 _arus
080 _a821.161.1
260 _aМ.
_bПолитиздат
_c1979
650 7 _a82 Література. Літературознавство
_2UDC
999 _c386313
_d386313